| 000 | 02412nam0a2200421 i 4500 | ||
|---|---|---|---|
| 001 | RU\NLR\BIBL_A\010952711 | ||
| 005 | 20260408083710.0 | ||
| 010 |
_a9785955804781 _bВузовский учебник _9500 |
||
| 010 |
_a978-5-16-011494-1 _bНФРА-М, print |
||
| 010 |
_a978-5-16-103801-7 _bИНФРА-М, 0nline |
||
| 021 |
_aRU _b2015-99211 _96173 |
||
| 035 | _a(NILC)RuMoRGB-008103856 | ||
| 035 | _a(NLR Aleph) 010952711 | ||
| 090 |
_a10782827 _c10782827 |
||
| 100 | _a20160118d2015 km y0rusy50 ca | ||
| 101 | 0 |
_arus _aeng |
|
| 102 | _aRU | ||
| 105 | _aa|||z|||000yy | ||
| 200 | 1 |
_aВнешнеэкономическая политика России в условиях глобальных вызовов _eмонография _f[Абрамов В.Л., д.э.н., проф., Алексеев П.В., к.э.н., Джигитян Э.П., к.э.н. и др.] _gпод ред. А. А. Ткаченко _gФин. ун-т при Правительстве Рос. Федерации |
|
| 210 |
_aМосква _cВузовский учебник _cИНФРА-М _d2015 |
||
| 215 |
_a230 с. _cил., табл. _d22 |
||
| 225 | 1 | _aНаучная книга | |
| 300 | _aАвт. указаны на с. 222 | ||
| 300 | _aЧасть текста на англ. яз. | ||
| 320 | _aБиблиогр. в конце гл. и в подстроч. примеч. | ||
| 606 | 1 |
_aВнешнеэкономическая деятельность _yРоссийская Федерация _92078558 _3RU\NLR\AUTH\661254420 |
|
| 675 | _a339 | ||
| 686 | 1 | _aУ9(2)8(2Р) | |
| 701 | 1 |
_8rus _7ca _aАбрамов _bВ. Л. _cд-р экон. наук _gВалерий Леонидович _3RU\NLR\AUTH\7719345 _92417 |
|
| 701 | 1 |
_7ca _8rus _aАлексеев _bП. В. _cканд. экон. наук _f1978- _gПетр Викторович _9153963 _3RU\NLR\AUTH\770154001 |
|
| 701 | 1 |
_aДжагитян _bЭ.П. _gЭдуард Павлович |
|
| 702 | 1 |
_4340 _aТкаченко _bА. А. _cд-р экон. наук _gАлександр Александрович _9152221 _3RU\NLR\AUTH\770152259 |
|
| 712 | 0 | 2 |
_4570 _aФинансовый университет при Правительстве Российской Федерации _cМосква _3RU\NLR\AUTH\8810171129 _9838093 |
| 801 | 0 |
_aRU _bРГБ _c20151224 _gRCR |
|
| 942 | _cBOOK | ||
| 980 | _aNBR | ||